Catálogo
 En Linea

Sistema nacional de ciencia y tecnología : (Registro nro. 22290)

Detalles MARC
000 -CABECERA
campo de control de longitud fija 00734nam a2200205 a 4500
001 - NÚMERO DE CONTROL
campo de control 000022793
005 - FECHA Y HORA DE LA ÚLTIMA TRANSACCIÓN
campo de control 20200930021811.0
008 - DATOS DE LONGITUD FIJA--INFORMACIÓN GENERAL
campo de control de longitud fija 101118s2004 dr a 000 0 spa d
020 ## - NÚMERO INTERNACIONAL ESTÁNDAR DEL LIBRO
Número Internacional Estándar del Libro 9769502790
040 ## - FUENTE DE LA CATALOGACIÓN
Centro catalogador/agencia de origen DO-SdBNP
Lengua de catalogación spa
Centro/agencia transcriptor BNPHU
082 ## - NÚMERO DE LA CLASIFICACIÓN DECIMAL DEWEY
Número de clasificación xxx
Número de documento/Ítem R426s
110 1# - ENTRADA PRINCIPAL--NOMBRE DE ENTIDAD CORPORATIVA
Nombre de entidad corporativa o nombre de jurisdicción como elemento de entrada República Dominicana.
Unidad subordinada Comisión Presidencial para la Reforma y Modernización del Estado
9 (RLIN) 7089
245 10 - MENCIÓN DE TÍTULO
Título Sistema nacional de ciencia y tecnología :
Resto del título propuesta para su creación.
260 ## - PUBLICACIÓN, DISTRIBUCIÓN, ETC.
Lugar de publicación, distribución, etc. Santo Domingo. :
Nombre del editor, distribuidor, etc. Nuevo Diario.
300 ## - DESCRIPCIÓN FÍSICA
Extensión 164 p. :
Otras características físicas il. ;
Dimensiones 21 cm.
490 1# - MENCIÓN DE SERIE
Mención de serie Estudios de la reforma
Designación de volumen o secuencia 1
500 ## - NOTA GENERAL
Nota general Incluye bibliografías y nota al pie de páginas
590 ## - NOTA LOCAL (RLIN)
Nota local Inventariado,2018/DG
830 #0 - PUNTO DE ACCESO ADICIONAL DE SERIE-TÍTULO UNIFORME
Título uniforme Estudios de la reforma
Número de parte o sección de la obra 1
9 (RLIN) 46833
Existencias
Estado de retiro Estado de pérdida No para préstamo Código de colección Localización permanente Ubicación/localización actual Ubicación en estantería Fecha de adquisición Número de inventario Total de préstamos Signatura topográfica completa Código de barras Fecha visto por última vez Precio válido a partir de Tipo de ítem Koha Número de copia Restricciones de uso
    Excluido de préstamo Patrimonio Dominicano Patrimonio Dominicano Patrimonio Dominicano En catalogación 18.11.2010 LF1   xxx R426s 22793-10 25.06.2020 25.06.2020 Libro y Folleto Colección Patrimonio Dominicano    
    Excluido de préstamo Patrimonio Dominicano Patrimonio Dominicano Patrimonio Dominicano En catalogación 18.11.2010 LF1   xxx R426s 22793-20 25.06.2020 25.06.2020 Libro y Folleto Colección Patrimonio Dominicano e. 2  
      Dominicana de Servicio Patrimonio Dominicano Patrimonio Dominicano En catalogación 24.06.2013 LF1   xxx R426s 22793-30 25.06.2020 25.06.2020 Libro y Folleto Colección Dominicana de Servicio e. 3  

Con tecnología Koha